<?xml version="1.0" encoding="UTF-8"?>
<record
    xmlns:xsi="http://www.w3.org/2001/XMLSchema-instance"
    xsi:schemaLocation="http://www.loc.gov/MARC21/slim http://www.loc.gov/standards/marcxml/schema/MARC21slim.xsd"
    xmlns="http://www.loc.gov/MARC21/slim">

  <leader>00749nam a22001697a 4500</leader>
  <controlfield tag="003">NUST</controlfield>
  <controlfield tag="005">20221103125302.0</controlfield>
  <controlfield tag="008">221103b           ||||| |||| 00| 0 eng d</controlfield>
  <datafield tag="020" ind1=" " ind2=" ">
    <subfield code="a">0-75256-480-3</subfield>
  </datafield>
  <datafield tag="082" ind1=" " ind2=" ">
    <subfield code="a">747, GOR</subfield>
  </datafield>
  <datafield tag="100" ind1=" " ind2=" ">
    <subfield code="a">Gorton, Phil</subfield>
    <subfield code="9">102313</subfield>
  </datafield>
  <datafield tag="245" ind1=" " ind2=" ">
    <subfield code="a">Complete Home Decorating: </subfield>
    <subfield code="b"> Phil Gorton</subfield>
  </datafield>
  <datafield tag="260" ind1=" " ind2=" ">
    <subfield code="a">Uk</subfield>
    <subfield code="b">Parragon, Incorporated</subfield>
    <subfield code="c">2001</subfield>
  </datafield>
  <datafield tag="300" ind1=" " ind2=" ">
    <subfield code="a">256: pages </subfield>
  </datafield>
  <datafield tag="505" ind1=" " ind2=" ">
    <subfield code="a">Introduction (Page-6), How to use this book (Page-8), Planning (Page-10), Colour (Page-20), Painting (Page-32), Paper finisher (Page-66), Wood, brick and tile finisher (Page-92), Floor (Page-154), Woodwork (Page-184), Furniture face lifts (Page-202), Stylish space savers (Page-212), Accent accessories (Page-224).            </subfield>
  </datafield>
  <datafield tag="942" ind1=" " ind2=" ">
    <subfield code="2">ddc</subfield>
    <subfield code="c">BK</subfield>
  </datafield>
  <datafield tag="999" ind1=" " ind2=" ">
    <subfield code="c">592248</subfield>
    <subfield code="d">592248</subfield>
  </datafield>
  <datafield tag="952" ind1=" " ind2=" ">
    <subfield code="0">0</subfield>
    <subfield code="1">0</subfield>
    <subfield code="2">ddc</subfield>
    <subfield code="4">0</subfield>
    <subfield code="7">0</subfield>
    <subfield code="a">MCS</subfield>
    <subfield code="b">MCS</subfield>
    <subfield code="c">GEN</subfield>
    <subfield code="d">2022-11-03</subfield>
    <subfield code="o">747,GOR</subfield>
    <subfield code="p">MCS38234</subfield>
    <subfield code="r">2022-11-03</subfield>
    <subfield code="w">2022-11-03</subfield>
    <subfield code="y">BK</subfield>
    <subfield code="z">Almirah Fresh No.45, Shelf No.6</subfield>
  </datafield>
</record>
